Севастопольская страда: Эпопея; в 9 ч.; Ч. 7-9 .Эпилог

Podrobná bibliografie
Hlavní autor: Сергеев-Ценский С. Н. Сергей Николаевич
Další autoři: Николаев А. В. (иллюстратор)
Jazyk:ruština
Vydáno: Москва, Правда, 1985
Témata:
Médium: MixedMaterials Kniha
KOHA link:https://koha.lib.tpu.ru/cgi-bin/koha/opac-detail.pl?biblionumber=149517

MARC

LEADER 00000nam0a2200000 4500
001 149517
005 20231031145901.0
020 |a RU  |b 85-98568 
035 |a (RuTPU)RU\TPU\book\162098 
035 |a RU\TPU\book\162094 
090 |a 149517 
100 |a 20081217g1985 m y0rusy5003 ca 
101 0 |a rus 
102 |a RU 
105 |a a z 000ay 
200 1 |a Севастопольская страда  |e Эпопея  |e в 9 ч.  |h Ч. 7-9 .Эпилог  |f С. Н. Сергеев-Ценский  |g худож. А. В. Николаев 
210 |a Москва  |c Правда  |d 1985 
215 |d 21 см  |a 680 с.  |c 2 л. ил. 
610 1 |a Севастополь 
610 1 |a Крымская война 1853-1856 гг. 
610 1 |a Россия 
610 1 |a 19 век 
610 1 |a русская литература 
610 1 |a романы 
675 |a Р2  |z rus 
700 1 |a Сергеев-Ценский  |b С. Н.  |c русский писатель  |f 1875-1958  |g Сергей Николаевич  |2 stltpush  |3 (RuTPU)RU\TPU\pers\36724 
702 1 |a Николаев  |b А. В.  |4 440 
801 0 |a RU  |b RuMRKP  |c 19950704  |g psbo 
801 1 |a RU  |b 63413507  |c 20081217  |g PSBO 
801 2 |a RU  |b 63413507  |c 20160518  |g PSBO 
942 |c BK